| 000 | 00499nam a22001577a 4500 | ||
|---|---|---|---|
| 003 | macl | ||
| 005 | 20171208172359.0 | ||
| 008 | 171208b xxu||||| |||| 00| 0 eng d | ||
| 040 | _cmacl | ||
| 082 | _a891.433/TRI/N | ||
| 100 |
_aत्रिवेदी,क्रांति _969536 |
||
| 245 | _aचिर कल्याणी | ||
| 260 |
_aपांडुलिपि प्रकाशन _bदिल्ली _c2011 |
||
| 650 |
_aउपन्यास _969628 |
||
| 942 |
_2ddc _cHIN |
||
| 999 |
_c57198 _d57198 |
||